[Event "AUTO-MASTER-1964"]
[Site "http://www.queenalice.com/game.php?id=1269150"]
[Date "2014.3.30"]
[Round "2"]
[White "Rutty"]
[Black "gisubr"]
[Result "0-1"]
[WhiteElo "2103"]
[BlackElo "2088"]

1. e4 e6 2. d4 d5 3. e5 c5 4. c3 Nc6 5. Bb5 Qb6 6. Bxc6+ bxc6 7. Nf3 Ba6 8. Qc2
Nh6 9. Bxh6 gxh6 10. Nbd2 cxd4 11. cxd4 c5 12. Qb3 Qa5 13. Qc3 Qb5 14. O-O-O Rc8
15. Kb1 c4 16. Ka1 Bb4 17. Qe3 c3 18. bxc3 Bxc3+ 0-1

[Event "AUTO-MASTER-2075"]
[Site "http://www.queenalice.com/game.php?id=1275682"]
[Date "2014.4.24"]
[Round "1"]
[White "gisubr"]
[Black "Artking"]
[Result "1-0"]
[WhiteElo "2145"]
[BlackElo "2066"]

1. d4 Nf6 2. c4 g6 3. Nc3 Bg7 4. e4 d6 5. f3 O-O 6. Be3 Nc6 7. Nge2 e5 8. d5 Ne7
9. Qd2 a6 10. h4 h5 11. O-O-O Bd7 12. g3 b5 13. Bh3 b4 14. Nb1 a5 15. Rdg1 Kh7
16. Bxd7 Qxd7 17. g4 hxg4 18. h5 Rh8 19. h6 Bf8 20. Bg5 Nfg8 21. fxg4 f5 22.
gxf5 c5 23. fxg6+ Nxg6 24. Ng3 Be7 25. Nf5 Bf8 26. Qg2 Ra7 27. Be7 N8xe7 28.
Nxe7 Qe8 29. Nxg6 Rg8 30. Nxf8+ Qxf8 31. Qg7+ 1-0

[Event "AUTO-MASTER-2075"]
[Site "http://www.queenalice.com/game.php?id=1275683"]
[Date "2014.4.24"]
[Round "1"]
[White "Artking"]
[Black "gisubr"]
[Result "0-1"]
[WhiteElo "2066"]
[BlackElo "2104"]

1. d4 Nf6 2. c4 g6 3. Nc3 Bg7 4. e4 d6 5. f4 O-O 6. Nf3 c5 7. d5 e6 8. e5 dxe5
9. fxe5 Ng4 10. Bf4 Nd7 11. Bd3 Ngxe5 12. Be2 Nxf3+ 13. Bxf3 Nb6 14. O-O Nxc4
15. dxe6 Bxe6 16. Nd5 Bd4+ 0-1

[Event "AUTO-MASTER-2075"]
[Site "http://www.queenalice.com/game.php?id=1275684"]
[Date "2014.4.24"]
[Round "1"]
[White "gisubr"]
[Black "leduar"]
[Result "1-0"]
[WhiteElo "2136"]
[BlackElo "2020"]

1. d4 Nf6 2. c4 e6 3. Nc3 Bb4 4. Qc2 Nc6 5. Nf3 d6 6. a3 Bxc3+ 7. Qxc3 O-O 8. g3
e5 9. dxe5 Nxe5 10. Bg2 Re8 11. O-O Ne4 12. Qc2 Bf5 13. Nh4 Nxg3 14. Nxf5 Nxf1
15. Kxf1 Qf6 16. e4 c5 17. Bd2 Qe6 18. b3 Nc6 19. Bc3 f6 20. e5 Ne7 21. Nxg7
Kxg7 22. exf6+ Kg8 23. fxe7 1-0

[Event "AUTO-MASTER-2075"]
[Site "http://www.queenalice.com/game.php?id=1275685"]
[Date "2014.4.24"]
[Round "1"]
[White "leduar"]
[Black "gisubr"]
[Result "0-1"]
[WhiteElo "2018"]
[BlackElo "2115"]

1. e4 e6 2. d4 d5 3. Nc3 Bb4 4. e5 c5 5. Qg4 Ne7 6. dxc5 Nbc6 7. Bd2 O-O 8. Nf3
f5 9. exf6 Rxf6 10. Bd3 e5 11. Qh4 e4 12. Nxe4 dxe4 13. Bxe4 Ng6 14. Bxg6 Bxd2+
15. Kf1 Rxg6 16. Rd1 Qxh4 17. Nxh4 Rg4 18. Nf3 Bb4 19. h3 Rf4 20. Rd5 Be6 21.
Rd6 Bc4+ 22. Kg1 Rd8 23. Rxd8+ Nxd8 24. b3 Bd5 25. Ne5 Rf5 26. Nd7 Be6 27. g4
Rd5 0-1

[Event "AUTO-MASTER-2075"]
[Site "http://www.queenalice.com/game.php?id=1275686"]
[Date "2014.4.24"]
[Round "1"]
[White "gisubr"]
[Black "Kouvitch"]
[Result "1-0"]
[WhiteElo "2132"]
[BlackElo "2125"]

1. d4 Nf6 2. c4 c5 3. d5 b5 4. cxb5 a6 5. bxa6 Bxa6 6. Nc3 g6 7. e4 Bxf1 8. Kxf1
d6 9. Nf3 Bg7 10. h3 O-O 11. Kg1 Na6 12. Kh2 Qa5 13. Qe2 Nd7 14. Re1 Ne5 15. Bf4
Nxf3+ 16. Qxf3 Nb4 17. Re2 Qa6 18. a4 Nd3 19. Bg5 Ne5 20. Qg3 Rfe8 21. Nb5 Qb6
22. Rc2 h6 23. Bd2 Reb8 24. Ra2 Ra6 25. b3 Qd8 26. Bc3 Kh7 27. f4 Nd7 28. Bxg7
Kxg7 29. e5 Nb6 30. Qd3 dxe5 31. Rxc5 exf4 32. Rd2 Nd7 33. Rc6 Rbb6 34. a5 Rxb5
35. Rxa6 Qb8 36. Qd4+ Nf6 37. d6 Rd5 38. Qc3 1-0

[Event "AUTO-MASTER-2075"]
[Site "http://www.queenalice.com/game.php?id=1275687"]
[Date "2014.4.24"]
[Round "1"]
[White "Kouvitch"]
[Black "gisubr"]
[Result "0-1"]
[WhiteElo "2125"]
[BlackElo "2124"]

1. e4 e6 2. d4 d5 3. Nc3 Bb4 4. a3 Bxc3+ 5. bxc3 dxe4 6. Qg4 Nf6 7. Qxg7 Rg8 8.
Qh6 c5 9. Ne2 Rg6 10. Qd2 Nbd7 11. Ng3 Qc7 12. Bb5 a6 13. Bxd7+ Bxd7 14. a4 Rc8
15. Bb2 Bc6 16. O-O Ng4 17. dxc5 e3 18. Qd6 exf2+ 19. Kh1 Rh6 20. h3 Rxh3# 0-1

[Event "AUTO-MASTER-2196"]
[Site "http://www.queenalice.com/game.php?id=1323697"]
[Date "2014.11.22"]
[Round "1"]
[White "Gosiulkaa"]
[Black "gisubr"]
[Result "0-1"]
[WhiteElo "1964"]
[BlackElo "2183"]

1. e4 e6 2. d4 d5 3. exd5 exd5 4. Nf3 Bd6 5. c3 Ne7 6. Bd3 Bg4 7. h3 Bh5 8. Bg5
c6 9. Nbd2 Qc7 10. Qc2 Bg6 11. Bxe7 Qxe7+ 12. Kf1 O-O 13. Re1 Qf6 14. Bxg6 fxg6
15. Kg1 Nd7 16. g3 c5 17. Kh2 cxd4 18. cxd4 Bb4 19. Re2 Bxd2 20. Nxd2 Qxd4 21.
Nb3 Qb6 22. Rd1 Nf6 23. Nd4 Rac8 24. Qb3 Qxb3 25. Nxb3 Rfe8 26. Rxe8+ Rxe8 27.
Nc5 Re2 28. Nd3 Ne4 29. Kg2 Rd2 30. Rxd2 Nxd2 31. f4 Kf7 32. Kf2 Ne4+ 33. Kf3
Ke6 34. g4 Kd6 35. Ne5 Nd2+ 36. Ke2 Nc4 37. Nxc4+ dxc4 38. Ke3 Kd5 39. a3 b5 40.
h4 a6 41. g5 a5 42. Kf3 Kd4 0-1

[Event "AUTO-MASTER-2196"]
[Site "http://www.queenalice.com/game.php?id=1323698"]
[Date "2014.11.22"]
[Round "1"]
[White "gisubr"]
[Black "Gosiulkaa"]
[Result "1-0"]
[WhiteElo "2174"]
[BlackElo "2014"]

1. d4 d5 2. c4 e6 3. Nc3 Bb4 4. Nf3 Nf6 5. Bg5 h6 6. Bxf6 Qxf6 7. Qb3 Bxc3+ 8.
Qxc3 c6 9. e3 Nd7 10. Bd3 dxc4 11. Bxc4 Nb6 12. Bb3 Qg6 13. O-O O-O 14. Bc2 Qf6
15. Ne5 Nd5 16. Qd3 Rd8 17. f4 Nb4 18. Qh7+ Kf8 19. Be4 Ke7 20. f5 exf5 21. Bxf5
Bxf5 22. Rxf5 Qe6 23. Rxf7+ Kd6 24. Rxg7 Kd5 25. Rd1 Rg8 26. e4+ 1-0

[Event "AUTO-MASTER-2196"]
[Site "http://www.queenalice.com/game.php?id=1323711"]
[Date "2014.11.22"]
[Round "1"]
[White "gisubr"]
[Black "rubensoliveira"]
[Result "1-0"]
[WhiteElo "2201"]
[BlackElo "2083"]

1. d4 Nf6 2. c4 d5 3. Nf3 Nc6 4. cxd5 Qxd5 5. Nc3 Qd8 6. d5 Nb4 7. Qa4+ c6 8.
Qxb4 e6 9. Qd4 exd5 10. e4 c5 11. Qe5+ Be7 12. Nxd5 Nxd5 13. Qxd5 O-O 14. Qxd8
Rxd8 15. Bc4 Bg4 16. Bxf7+ Kf8 17. Bd5 Bxf3 18. gxf3 Bf6 19. Rb1 Rd6 20. Be3 Bd4
21. Bxd4 cxd4 22. Rd1 Re8 23. Rxd4 Rg6 24. Rc4 Rd6 25. Kd2 Rb6 26. b3 Ke7 27.
Rc7+ Kd6 28. Rxg7 Re5 29. Rxh7 Rxd5+ 30. exd5 Kxd5 31. Rh5+ Kd4 32. Rg1 Ra6 33.
Rg4# 1-0

[Event "AUTO-MASTER-2196"]
[Site "http://www.queenalice.com/game.php?id=1323713"]
[Date "2014.11.22"]
[Round "1"]
[White "gisubr"]
[Black "LOMBARDY"]
[Result "1-0"]
[WhiteElo "2188"]
[BlackElo "1978"]

1. d4 Nf6 2. c4 e6 3. Nc3 Bb4 4. Qc2 c5 5. dxc5 Bxc5 6. Nf3 Nc6 7. Bg5 Be7 8. e4
d6 9. O-O-O Qa5 10. Kb1 a6 11. Be2 O-O 12. Bxf6 Bxf6 13. Rxd6 Nb4 14. Qa4 Qc5
15. Rhd1 Nc6 16. e5 Be7 17. Ne4 Qa7 18. c5 f6 19. exf6 gxf6 20. g4 Bxd6 21. Rxd6
f5 22. gxf5 Rxf5 23. Qd1 Rxc5 24. Rd8+ Nxd8 25. Qxd8+ Kf7 26. Nd6+ Kg7 27. Qe7+
Kg6 28. Nh4+ Kh6 29. Qf6# 1-0

[Event "AUTO-MASTER-2196"]
[Site "http://www.queenalice.com/game.php?id=1323714"]
[Date "2014.11.22"]
[Round "1"]
[White "LOMBARDY"]
[Black "gisubr"]
[Result "0-1"]
[WhiteElo "2031"]
[BlackElo "2194"]

1. e4 e6 2. d4 d5 3. Nc3 Bb4 4. e5 c5 5. a3 Bxc3+ 6. bxc3 Qc7 7. Ne2 Ne7 8. g3
Nbc6 9. Bg2 b6 10. O-O Ba6 11. Re1 O-O 12. a4 Nf5 13. Ba3 Na5 14. Bf1 Rfc8 15.
g4 Nh4 16. Ng3 Bxf1 17. Kxf1 cxd4 18. cxd4 Qc4+ 19. Qd3 Nf3 20. Red1 Nxd4 21.
Bd6 Nxc2 22. Qxc4 Rxc4 23. Kg2 Nxa1 24. Rxa1 Rac8 25. h4 Rxg4 26. Kh3 Rf4 27.
Ra2 Rcc4 28. Be7 Rxa4 29. Rc2 Rfc4 30. Rb2 Nc6 31. Bd6 Rxh4+ 32. Kg2 Rhc4 33.
Kf1 Nb4 34. Rd2 Ra1+ 35. Kg2 Nc2 36. Re2 a5 37. Nf1 a4 38. Ne3 Nxe3+ 39. Rxe3 b5
0-1